000
00341nam a2200145Ia 4500
008
220204s9999 xx 000 0 und d
082
_a
579.22
_b
SAN;1
245
0
_a
Endomycorrhizas
260
_a
London
_b
Academic
_c
1975
650
_a
Endomycorrhiza
650
_a
Endophyte
650
_a
Mycotrophy
700
_a
SANDERS, F E
942
_c
BK
999
_c
28635
_d
28635